000 00603nam a22002057a 4500
003 BUBTL
008 170713b xxu||||| |||| 00| 0 eng d
082 _a658.8
_bZ372s
100 _91263
_aZeithaml,Valarie A.
245 _aService Markiting
_cZeithaml,Valarie A.
250 _a6th
260 _aNew York
_bMc Grow Hill
_c2006
300 _axxii. 708p. :
_bill. : Chat, Graph, : 21cm.
_cMarketing
500 _aIncludes Index
650 0 _91264
_aServices Marketing
700 _91265
_aZeithaml Valarie A.
856 _k0
_l0
_yDownload
942 _2ddc
_cBK
_e6th
999 _c5481
_d5481